| 000 | 00589nam a2200193 i 4500 | ||
|---|---|---|---|
| 001 | 75612 | ||
| 003 | ES-MaACL | ||
| 005 | 20230906172524.0 | ||
| 007 | t| | ||
| 008 | 040927s1944 sp bf |||| | spa d | ||
| 080 | _a94(510) | ||
| 100 | 1 |
_aGrousset, René. _960211 |
|
| 245 | 1 | 0 |
_aHistoria de China / _cRené Grousset ; [traducción de Fabricio Valserra]. |
| 260 |
_aBarcelona : _bLuis de Caralt, _c[1944] ( _fN.A.G.S.A.) |
||
| 300 |
_a317 p., 32 lám. : _bmap. ; _c23 cm. |
||
| 651 | 4 |
_aChina- _xHistoria. _9145406 |
|
| 700 | 1 |
_aValserra, Fabricio. _9112988 |
|
| 852 |
_aES-MaACL _jF-16084 |
||
| 999 |
_c75612 _d75612 |
||